Nguyên lý thiết kế sân vận động
Gorde:
| Egile nagusia: | |
|---|---|
| Formatua: | Liburua |
| Hizkuntza: | Undetermined |
| Argitaratua: |
Hà Nội
Xây dựng
2003
|
| Gaiak: | |
| Etiketak: |
Etiketa erantsi
Etiketarik gabe, Izan zaitez lehena erregistro honi etiketa jartzen!
|
| Thư viện lưu trữ: | Trung tâm Học liệu Trường Đại học Cần Thơ |
|---|
| LEADER | 00572nam a2200205Ia 4500 | ||
|---|---|---|---|
| 001 | CTU_62454 | ||
| 008 | 210402s9999 xx 000 0 und d | ||
| 020 | |b 25000 | ||
| 020 | |c 25000 | ||
| 082 | |a 725.827 | ||
| 082 | |b X502 | ||
| 100 | |a Tạ, Trường Xuân | ||
| 245 | 0 | |a Nguyên lý thiết kế sân vận động | |
| 245 | 0 | |c Tạ Trường Xuân | |
| 260 | |a Hà Nội | ||
| 260 | |b Xây dựng | ||
| 260 | |c 2003 | ||
| 650 | |a Sports facilities,Stadiums | ||
| 904 | |i Minh | ||
| 980 | |a Trung tâm Học liệu Trường Đại học Cần Thơ | ||